000 00952nam a22002177a 4500
008 250407e20250311xxk|||||o|||| 00| 0 eng d
041 _aeng
110 2 _aUniversities UK
245 _aAccommodation code of practice for student housing
260 _bUniversities UK/GuildHE,
_c11 March 2025
300 _a50p.
520 _aThe Code’s purpose is to support its members in the delivery of safe, efficient and sustainable student accommodation and provide a practical and relevant alternative to licensing under the Housing Act 2004. It achieves this by setting rigorous standards, ensuring compliance and sharing best practice.
650 _aHOUSES IN MULTIPLE OCCUPATION
650 _aHOUSING ACT 2004
650 _aSTUDENT HOUSING
651 _aUnited Kingdom
690 _aLandlord and tenant
_96252
710 2 _aUniversities UK
856 _uhttps://online.flippingbook.com/view/53156768/
_zRead online
942 _n0
999 _c122135
_d122135